Medical photography in practice : a symposium.

Bibliographic Details
Main Author: Linssen, E. F. (Eugene F.)
Format: Book
Language:English
Published: [London] : Fountain Press, [1961]
Subjects:

MARC

Tag First Indicator Second Indicator Subfields
LEADER 00000cam a2200000 4500
001 in00000095049
005 20150927110628.0
008 730228s1961 eng u
010 |a  64003218  
035 |a (OCoLC)00566040 
035 |9 AAL6929AM 
040 |c WSU  |d TXA  |d UtOrBLW 
049 |a TXAM  |c [1321873] 
090 |a TR708  |b .L5 
100 1 |a Linssen, E. F.  |q (Eugene F.) 
245 1 0 |a Medical photography in practice :  |b a symposium. 
264 1 |a [London] :  |b Fountain Press,  |c [1961] 
300 |a 343 pages 
336 |a text  |b txt  |2 rdacontent 
337 |a unmediated  |b n  |2 rdamedia 
338 |a volume  |b nc  |2 rdacarrier 
504 |a Includes bibliographical references. 
650 0 |a Medical photography. 
999 |a MARS 
999 f f |s dbac0f66-41cd-3bf5-b65b-d95b5584d98d  |i c138e981-66b2-3d48-a3aa-ec684a55f30c  |t 0 
952 f f |p ric  |a Texas A&M University  |b Rellis Campus  |c Joint Library Facility  |d Remote Storage  |t 0  |e TR708 .L5  |h Library of Congress classification  |i unmediated -- volume  |m A14805631015 
998 f f |a TR708 .L5  |t 0  |l Remote Storage